Bayboro, North Carolina, 1985 : 1:100 000-scale metric topographic map : 30 x 60 minute series (topographic) /

Bibliographic Details
Corporate Author: Geological Survey (U.S.)
Format: Government Document Map
Language:English
Published: Reston, Va. : The Survey ; [1990]
Subjects:

MARC

Tag First Indicator Second Indicator Subfields
LEADER 00000cem a2200000 a 4500
001 in00001492575
005 20151021092153.0
007 aj canzn
008 900803s1990 vauag bh a f 1 eng d
034 1 |a a  |b 100000  |d W0770000  |e W0760000  |f N0353000  |g N0350000 
035 |a (OCoLC)22175080 
035 |9 AJK3094AM 
040 |a GPO  |c GPO  |d OCL  |d TXA  |d UtOrBLW 
049 |a TXAC 
052 |a 3901 
074 |a 619-G-25 
086 0 |a I 19.110:35076-A 1-TM-100/985 
090 |a G3701.C1 s100  |b .U5 
110 2 |a Geological Survey (U.S.) 
245 1 0 |a Bayboro, North Carolina, 1985 :  |b 1:100 000-scale metric topographic map : 30 x 60 minute series (topographic) /  |c produced by the United States Geological Survey. 
255 |a Scale 1:100,000. 1 cm. on the map represents 1 km. on the ground ;  |b universal transverse Mercator proj.  |c (W 77⁰00ʹ--W 76⁰00ʹ/N 35⁰30ʹ--N 35⁰00ʹ). 
264 1 |a Reston, Va. :  |b The Survey ;  |c [1990] 
264 2 |a Denver, Colo. :  |b For sale by the Survey, 
300 |a 1 map :  |b color ;  |c 61 x 111 cm. 
336 |a cartographic image  |b cri  |2 rdacontent 
337 |a unmediated  |b n  |2 rdamedia 
338 |a sheet  |b nb  |2 rdacarrier 
500 |a Relief shown by contours and spot heights. 
500 |a Filing title: Bayboro, North Carolina. 
500 |a "Map edited 1985." 
500 |a Designed to be folded to 21 x 11 cm. 
500 |a Includes location map and index to adjoining maps. 
500 |a "35076-A1-TM-100." 
500 |a Cartographic material. 
651 0 |a North Carolina  |v Maps, Topographic. 
740 0 |a Bayboro, North Carolina. 
999 |a MARS 
999 f f |s 7af00318-219b-39b8-a919-956f10856a09  |i 42cc98fc-91ca-3ada-a82b-33d2479f1fe5  |t 0 
952 f f |p normal  |a Texas A&M University  |b College Station  |c Sterling C. Evans Library  |d Evans: Maps (2nd floor)  |t 0  |e G3701.C1 s100 .U5 Bayboro NC  |h Library of Congress classification  |i unmediated -- sheet  |m A14813289597 
998 f f |a G3701.C1 s100 .U5 Bayboro NC  |t 0  |l Evans: Maps (2nd floor)